Statistiques concernant Devinez le Département Mystère #14

Cliquez ici pour prendre le quiz!

Statistiques générales

  • Ce quiz a été pris 175 fois
  • Le résultat moyen est 28 sur 35

Statistiques - réponses

Type de RéponseRéponse% Correct
Lettre TrouvéeR
100%
Lettre TrouvéeE
99%
Lettre TrouvéeA
97%
Lettre TrouvéeN
97%
Lettre de l'AlphabetO
97%
Lettre de l'AlphabetI
96%
Lettre de l'AlphabetS
96%
Lettre de l'AlphabetD
95%
Lettre de l'AlphabetL
95%
Lettre TrouvéeT
94%
Lettre de l'AlphabetU
93%
Lettre TrouvéeH
92%
Lettre TrouvéeC
88%
Lettre de l'AlphabetM
87%
Lettre de l'AlphabetV
87%
Lettre de l'AlphabetP
83%
Lettre de l'AlphabetG
82%
Lettre de l'AlphabetY
82%
Lettre de l'AlphabetB
79%
Lettre de l'AlphabetF
75%
Lettre Bien PlacéeE
73%
Lettre Bien PlacéeN
73%
Lettre de l'AlphabetZ
72%
Lettre de l'AlphabetQ
68%
Lettre Bien PlacéeC
67%
Lettre de l'AlphabetJ
67%
Lettre de l'AlphabetX
65%
Lettre Bien PlacéeA
64%
Département MystèreCharente
64%
Lettre Bien PlacéeE
64%
Lettre Bien PlacéeH
64%
Lettre de l'AlphabetK
64%
Lettre Bien PlacéeR
64%
Lettre Bien PlacéeT
64%
Lettre de l'AlphabetW
64%

Distribution des résultats

Percentile par nombre de réponses

% des personnes avec chaque résultat

Votre développement - résultats

Vous n’avez pas pris ce quiz